| 000 | 00647nam a22002297a 4500 | ||
|---|---|---|---|
| 003 | UA-OsUOA | ||
| 001 | 99431 | ||
| 007 | ta | ||
| 008 | 20130429b un ||||| |||| 00| 0 ukr d | ||
| 100 | _aТаурин Ф. | ||
| 090 |
_a821.161.1 _bТ23 |
||
| 942 | _cBK | ||
| 040 |
_aUA-OsUOA _brus _cUA-OsUOA _dUA-OsUOA |
||
| 245 |
_aКаменщик революции _bповесть о Михаиле Ольминском |
||
| 300 | _a287 с. | ||
| 955 | _a3 | ||
| 041 | _arus | ||
| 080 | _a821.161.1 | ||
| 260 |
_aМ. _bПолитиздат _c1981 |
||
| 650 | 7 |
_a82 Література. Літературознавство _2UDC |
|
| 999 |
_c385570 _d385570 |
||